[Event "XV Weekend B"]
[Site "Ceriano Laghetto ITA"]
[Date "2006.03.31"]
[Round "1"]
[White "Parenti, Davide"]
[Black "Cecchini, Massimo"]
[Result "1-0"]
[WhiteElo "1856"]
[BlackElo "1676"]
[PlyCount "119"]
[EventDate "2006.03.31"]

1. d4 Nf6 2. Nf3 d5 3. c4 e6 4. Nc3 Bb4 5. e3 O-O 6. Bd3 c5 7. O-O Nc6 8. a3
Bxc3 9. bxc3 b6 10. cxd5 Qxd5 11. Qc2 c4 12. Be2 Bb7 13. Rd1 Na5 14. Ne1 Rad8
15. f3 Rfe8 16. e4 Qh5 17. Be3 Qg6 18. Bf1 b5 19. Ra2 a6 20. Qe2 Bc6 21. Nc2
Rc8 22. Re1 Bb7 23. Bf2 h5 24. Qe3 Nc6 25. Be2 Red8 26. Bd1 Ne7 27. Qe2 Kh8 28.
Ne3 Ra8 29. Bc2 Qh6 30. Nf1 g5 31. Be3 Ng6 32. g3 h4 33. Qd2 Nh7 34. Bf2 Nf6
35. Be3 Nh7 36. Qc1 hxg3 37. hxg3 Kg7 38. Bb1 Kf6 39. Rh2 Qg7 40. a4 Rg8 41.
e5+ Ke7 42. Qa3+ Ke8 43. Nd2 Nf4 44. Ne4 Bxe4 45. Bxe4 Rd8 46. Rxh7 Qf8 47.
Bc6+ Rd7 48. Qxf8+ Kxf8 49. Bxd7 Ke7 50. gxf4 gxf4+ 51. Kf2 fxe3+ 52. Kxe3 Kxd7
53. axb5 axb5 54. Rxf7+ Kc6 55. Rf6 Kd5 56. Rb1 Rb8 57. Rf7 b4 58. Rxb4 Rd8 59.
Rb5+ Kc6 60. Rc5+ 1-0

[Event "XV Weekend B"]
[Site "Ceriano Laghetto ITA"]
[Date "2006.03.31"]
[Round "1"]
[White "Petetta, Roberto"]
[Black "Garofalo, Sergio"]
[Result "0-1"]
[WhiteElo "1718"]
[BlackElo "1911"]
[PlyCount "84"]
[EventDate "2006.03.31"]

1. e4 e5 2. f4 exf4 3. Nf3 Be7 4. Bc4 d5 5. Bxd5 Nf6 6. O-O Nxd5 7. exd5 Qxd5
8. d4 Bg4 9. Bxf4 Nc6 10. c3 O-O-O 11. Qc2 g5 12. Be3 h5 13. c4 Qe6 14. Qd2
Bxf3 15. Rxf3 g4 16. Rf1 Bc5 17. Nc3 Bxd4 18. Bxd4 Nxd4 19. Qf2 Qb6 20. b3 h4
21. Nd5 Qc5 22. Rad1 Ne2+ 23. Kh1 Qxf2 24. Rxf2 Rhe8 25. Rdf1 c6 26. Nf6 g3 27.
Rf3 Re6 28. h3 Rdd6 29. Nh5 Re5 30. Ng7 f6 31. Nf5 Rd2 32. a3 Nd4 33. Nxh4 Nxf3
34. Nxf3 Rf2 35. Kg1 Ree2 36. Ne1 Ra2 37. a4 Rxf1+ 38. Kxf1 Rf2+ 39. Kg1 Rb2
40. Kf1 Rxb3 41. Ke2 Rc3 42. c5 Rxc5 0-1

[Event "XV Weekend B"]
[Site "Ceriano Laghetto ITA"]
[Date "2006.03.31"]
[Round "1"]
[White "Pulcini, Giorgio"]
[Black "Savarese, Vincenzo"]
[Result "1/2-1/2"]
[WhiteElo "1626"]
[BlackElo "1848"]
[PlyCount "111"]
[EventDate "2006.03.31"]

1. e4 e6 2. d4 d5 3. exd5 exd5 4. Nf3 Bd6 5. Nc3 c6 6. Bd3 Ne7 7. Ng5 Bf5 8.
O-O Bxd3 9. Qxd3 Qc7 10. f4 Na6 11. a3 h6 12. Nh3 f5 13. Bd2 Qd7 14. Ne2 O-O-O
15. Rac1 Qe6 16. Ng3 Rde8 17. Rfe1 Qf7 18. b4 Nc7 19. a4 Rhf8 20. b5 c5 21.
dxc5 Bxc5+ 22. Be3 Bxe3+ 23. Rxe3 Kb8 24. Re5 g6 25. a5 Nc8 26. Rxe8 Rxe8 27.
c4 dxc4 28. Rxc4 Qe6 29. Rc1 Qe3+ 30. Qxe3 Rxe3 31. Rb1 Nd5 32. a6 b6 33. Nf1
Re2 34. Rb3 Nce7 35. g3 Kc7 36. Nf2 Rc2 37. Ne3 Rc3 38. Nxd5+ Nxd5 39. Rxc3+
Nxc3 40. Nd3 Nxb5 41. Ne5 g5 42. fxg5 hxg5 43. h4 gxh4 44. gxh4 Nd6 45. h5 Ne8
46. Kg2 Kd6 47. h6 Nf6 48. Nf7+ Kd5 49. Kf3 b5 50. Kf4 b4 51. Kxf5 Nh7 52. Ne5
b3 53. Nd3 Kc4 54. Nb2+ Kc3 55. Na4+ Kb4 56. Nb2 1/2-1/2

[Event "XV Weekend B"]
[Site "Ceriano Laghetto ITA"]
[Date "2006.03.31"]
[Round "1"]
[White "Ragusa, Luigi"]
[Black "Albrizio, Mauro"]
[Result "1-0"]
[WhiteElo "1787"]
[BlackElo "1610"]
[PlyCount "125"]
[EventDate "2006.03.31"]

1. c4 e6 2. Nc3 Nf6 3. g3 d5 4. cxd5 exd5 5. d4 c6 6. Bg2 Bd6 7. Nf3 Nbd7 8.
O-O h6 9. Re1 O-O 10. Nh4 Nb6 11. b3 Re8 12. Bd2 Ne4 13. Nxe4 dxe4 14. Qc2 f5
15. Ng6 Qf6 16. Ne5 Nd5 17. e3 Bxe5 18. dxe5 Qxe5 19. f4 Qe7 20. g4 fxg4 21.
Qc4 Bf5 22. Bc3 Rad8 23. Be5 Qh4 24. Bxe4 Bxe4 25. Qxe4 g3 26. Re2 gxh2+ 27.
Rxh2 Qg3+ 28. Rg2 Qxe3+ 29. Qxe3 Nxe3 30. Rxg7+ Kf8 31. Rxb7 Re6 32. Re1 Rg6+
33. Kh1 Rd3 34. Rg1 Rxg1+ 35. Kxg1 a5 36. Rb8+ Kf7 37. Rc8 Rd2 38. Rxc6 Rxa2
39. Rxh6 Nd5 40. Ra6 Nb4 41. Ra7+ Ke6 42. Bc3 Rc2 43. Bxb4 axb4 44. Rb7 Kf5 45.
Rxb4 Rb2 46. Kf1 Kg4 47. Ke1 Kf3 48. Kd1 Ke3 49. Kc1 Rf2 50. Rc4 Kd3 51. Kb1
Rf1+ 52. Kb2 Rf2+ 53. Ka3 Rf1 54. Kb4 Rf2 55. Kb5 Rb2 56. b4 Ke3 57. Kc5 Kf3
58. b5 Kg4 59. b6 Kf5 60. Kc6 Ra2 61. b7 Ra6+ 62. Kc7 Ra7 63. Kc8 1-0

[Event "XV Weekend B"]
[Site "Ceriano Laghetto ITA"]
[Date "2006.03.31"]
[Round "1"]
[White "Regorda, Vittorio"]
[Black "Ferraris, Fulvio"]
[Result "1-0"]
[WhiteElo "1968"]
[BlackElo "1751"]
[PlyCount "121"]
[EventDate "2006.03.31"]

1. c4 Nf6 2. Nc3 c5 3. g3 e6 4. Bg2 h5 5. Nf3 Nc6 6. O-O a6 7. d3 d5 8. cxd5
exd5 9. Bg5 Be7 10. Rc1 Qd6 11. Na4 Nd7 12. Bh3 Bxg5 13. Nxg5 Nce5 14. f4 Ng4
15. Bxg4 hxg4 16. e4 b5 17. exd5 bxa4 18. Re1+ Kf8 19. Qc2 Nf6 20. Ne4 Nxe4 21.
dxe4 Bd7 22. Qc4 Rc8 23. e5 Qb6 24. e6 fxe6 25. dxe6 Bb5 26. Qe4 c4+ 27. Re3
Ke7 28. Qe5 Rcg8 29. Qg5+ Ke8 30. Qg6+ Kd8 31. Rce1 Be8 32. Qxg4 Qxb2 33. Qg5+
Kc7 34. Qc5+ Kb7 35. Qe7+ Kc6 36. h4 Qd4 37. Qb4 Kc7 38. Qa5+ Kb7 39. Qb4+ Bb5
40. e7 Rh5 41. Kh2 Rc5 42. e8=Q Rxe8 43. Rxe8 Rc7 44. R8e3 Kc8 45. Qc3 Qxc3 46.
Rxc3 Rd7 47. Re2 Kb7 48. g4 Kc6 49. Kg3 Kc5 50. a3 Rd3+ 51. Rxd3 cxd3 52. Rd2
Kc4 53. Kf2 Kb3 54. f5 Kxa3 55. g5 Kb3 56. h5 a3 57. h6 gxh6 58. gxh6 Kc3 59.
Ke3 a2 60. h7 Kb3 61. h8=Q 1-0

[Event "XV Weekend B"]
[Site "Ceriano Laghetto ITA"]
[Date "2006.03.31"]
[Round "1"]
[White "Ronconi, Fausto"]
[Black "Orsi, Matteo"]
[Result "0-1"]
[WhiteElo "1703"]
[BlackElo "1900"]
[PlyCount "73"]
[EventDate "2006.03.31"]

1. c4 Nf6 2. Nf3 e6 3. Nc3 g6 4. g3 Bg7 5. Bg2 c6 6. O-O d5 7. d3 Qb6 8. Qc2
O-O 9. Be3 Qd8 10. Rad1 Nbd7 11. Qc1 Ng4 12. Bd2 Re8 13. h3 Nge5 14. cxd5 Nxf3+
15. Bxf3 exd5 16. Bf4 Qb6 17. e4 d4 18. Ne2 Nc5 19. h4 Be6 20. b3 Qb5 21. Qd2
a5 22. Bh6 Bh3 23. Bxg7 Bxf1 24. Qh6 Bxe2 25. Bf6 Ne6 26. Bxe2 Qc5 27. h5 g5
28. Bg4 Qf8 29. Bxg5 Nxg5 30. Qxg5+ Qg7 31. Qf4 Qe5 32. Qh6 Qg7 33. Qf4 h6 34.
Bf5 Qg5 35. Qf3 a4 36. b4 a3 37. Rc1 0-1

[Event "XV Weekend B"]
[Site "Ceriano Laghetto ITA"]
[Date "2006.03.31"]
[Round "1"]
[White "Scarpellini, Felice"]
[Black "Franceschetti, Nando"]
[Result "1-0"]
[WhiteElo "1941"]
[BlackElo "1733"]
[PlyCount "82"]
[EventDate "2006.03.31"]

1. c4 Nf6 2. Nc3 e5 3. g3 c6 4. Bg2 d6 5. Nf3 Nbd7 6. O-O Be7 7. d4 O-O 8. e4
Re8 9. d5 Nc5 10. Qc2 a5 11. Bg5 Na6 12. a3 Nxd5 13. cxd5 Bxg5 14. Nxg5 Qxg5
15. Na4 c5 16. Nb6 Ra7 17. Nc4 Qd8 18. Qa4 b6 19. Nxd6 Bd7 20. Qc2 Rf8 21. Nc4
f6 22. f4 Bb5 23. fxe5 Bxc4 24. Qxc4 fxe5 25. Rxf8+ Qxf8 26. Rf1 Qd6 27. Bh3
Nc7 28. Qe2 Ra8 29. Qf3 Rf8 30. Qg4 Rxf1+ 31. Bxf1 Ne8 32. Qc8 Qf8 33. Bh3 g6
34. Be6+ Kg7 35. Qd7+ Kh6 36. Qd8 Kg7 37. Qb8 Nd6 38. Qc7+ Kh6 39. Bg8 Qxg8 40.
Qxd6 Qf7 41. Qxe5 Qf3 1-0

[Event "XV Weekend B"]
[Site "Ceriano Laghetto ITA"]
[Date "2006.03.31"]
[Round "1"]
[White "Stips, Felix"]
[Black "Campesato, Adriano"]
[Result "1-0"]
[WhiteElo "1818"]
[BlackElo "1625"]
[PlyCount "123"]
[EventDate "2006.03.31"]

1. e4 c5 2. Nf3 Nc6 3. d4 cxd4 4. Nxd4 Nf6 5. Nc3 a6 6. Bg5 h6 7. Bxf6 gxf6 8.
Be2 e6 9. Bh5 Rg8 10. O-O Qb6 11. Nb3 Rg5 12. Kh1 Bb4 13. f4 Rg7 14. f5 Bxc3
15. bxc3 Ke7 16. fxe6 Ne5 17. Qd4 Qxe6 18. Nc5 Qc6 19. Rf2 Rg5 20. Be2 d6 21.
Nd3 Be6 22. Rd1 Rc8 23. Nb4 Qc5 24. h4 Rg3 25. Rdf1 Qxd4 26. cxd4 Nc4 27. Rf4
Ne3 28. R1f2 a5 29. Nd3 Rxc2 30. Kh2 Rg7 31. d5 Bg4 32. Bxg4 Nxg4+ 33. Rxg4
Rxg4 34. Rxc2 Rxh4+ 35. Kg3 Rxe4 36. Kf3 Ra4 37. Nf4 b5 38. Rb2 Ra3+ 39. Ke4 b4
40. Nd3 f5+ 41. Kd4 Kf6 42. Nc1 Rg3 43. Re2 Rc3 44. Nb3 a4 45. Na5 Rc5 46. Nb7
Rc1 47. Nxd6 b3 48. axb3 axb3 49. Rb2 Ke7 50. Nxf5+ Kf6 51. Nxh6 Rc2 52. Rxb3
Rxg2 53. Rf3+ Ke7 54. Rxf7+ Ke8 55. Rc7 Rd2+ 56. Ke5 Rg2 57. Nf5 Re2+ 58. Kf6
Kd8 59. Rg7 Rd2 60. Ke6 Ra2 61. Nd4 Rf2 62. d6 1-0

[Event "XV Weekend B"]
[Site "Ceriano Laghetto ITA"]
[Date "2006.03.31"]
[Round "1"]
[White "Viale, Fabio"]
[Black "Donadi, Luca"]
[Result "1/2-1/2"]
[WhiteElo "1613"]
[BlackElo "1787"]
[PlyCount "77"]
[EventDate "2006.03.31"]

1. d4 Nf6 2. c4 g6 3. Nc3 Bg7 4. e4 d6 5. Be2 O-O 6. Nf3 Nbd7 7. O-O e5 8. d5
Nc5 9. Qc2 Nh5 10. b4 Na6 11. Rb1 Nf4 12. Be3 f5 13. b5 Nb8 14. Bxf4 exf4 15.
Bd3 fxe4 16. Nxe4 Nd7 17. Neg5 Ne5 18. Nxe5 Bxe5 19. h4 Bf5 20. Bxf5 Rxf5 21.
Rbe1 Qf6 22. Re4 h6 23. Nf3 Kf7 24. Rfe1 g5 25. Nd4 gxh4 26. Nxf5 Qxf5 27. R4e2
Qg5 28. Qd3 Rg8 29. Qh3 Qh5 30. Qd7+ Kf8 31. Qc8+ Kg7 32. Qxc7+ Kh8 33. Rxe5
Qg4 34. g3 hxg3 35. f3 Qh4 36. R1e2 dxe5 37. Qxe5+ Kh7 38. Qf5+ Kh8 39. Qe5+
1/2-1/2

[Event "XV Weekend B"]
[Site "Ceriano Laghetto ITA"]
[Date "2006.03.31"]
[Round "1"]
[White "Villalba, Fernando"]
[Black "Palminteri, Vincenzo"]
[Result "1-0"]
[WhiteElo "1899"]
[BlackElo "1700"]
[PlyCount "59"]
[EventDate "2006.03.31"]

1. e4 c5 2. Nf3 a6 3. d4 cxd4 4. Nxd4 Nf6 5. Nc3 e5 6. Nf3 Bb4 7. Bd3 d5 8. Nd2
O-O 9. O-O Re8 10. Nxd5 Nxd5 11. exd5 Qxd5 12. Ne4 Nd7 13. Ng3 Nf6 14. Nh5 Qd6
15. a3 Bc5 16. b4 Bd4 17. Rb1 e4 18. Be2 Nxh5 19. Bxh5 Be5 20. Qxd6 Bxd6 21.
Be3 Be6 22. Be2 Rac8 23. Rbc1 Rc3 24. Rfd1 Be7 25. Rd4 Rxa3 26. Rxe4 Rc8 27.
Bd3 Kf8 28. Re1 Bf6 29. g3 Bf5 30. Bc5+ 1-0

[Event "XV Weekend B"]
[Site "Ceriano Laghetto ITA"]
[Date "2006.04.01"]
[Round "2"]
[White "Albrizio, Mauro"]
[Black "De La Pena, Elmer"]
[Result "1-0"]
[WhiteElo "1610"]
[BlackElo "1853"]
[PlyCount "91"]
[EventDate "2006.03.31"]

1. e4 c5 2. Nc3 g6 3. Nge2 Bg7 4. d4 cxd4 5. Nxd4 a6 6. Be3 Nc6 7. Be2 Qc7 8.
Nd5 Qa5+ 9. c3 Rb8 10. O-O b5 11. Nb3 Qd8 12. Qd2 d6 13. Nd4 Ne5 14. f4 Nc4 15.
Bxc4 Bxd4 16. Bxd4 e5 17. fxe5 bxc4 18. exd6 f6 19. Nxf6+ Nxf6 20. Rxf6 Rb7 21.
Qe2 Qa5 22. Qxc4 Kd8 23. Raf1 Bd7 24. Rf8+ Rxf8 25. Rxf8+ Be8 26. Rxe8+ Kxe8
27. Qc8+ Qd8 28. Qxb7 Qxd6 29. Qxh7 Qe6 30. Qh8+ Kd7 31. Qe5 Qg4 32. h3 Qe2 33.
Qg7+ Kc6 34. Qxg6+ Kb5 35. Qg5+ Kc4 36. Qe3 Qxb2 37. e5 Qb1+ 38. Kh2 Qb8 39.
Qe2+ Kd5 40. Qxa6 Ke4 41. Qd6 Qg8 42. e6 Qg6 43. Qe5+ Kd3 44. e7 Qe8 45. a4 Kc4
46. a5 1-0

[Event "XV Weekend B"]
[Site "Ceriano Laghetto ITA"]
[Date "2006.04.01"]
[Round "2"]
[White "Biava, Pierluigi"]
[Black "Ragusa, Luigi"]
[Result "1-0"]
[WhiteElo "1679"]
[BlackElo "1787"]
[PlyCount "57"]
[EventDate "2006.03.31"]

1. Nf3 Nf6 2. b3 g6 3. Bb2 Bg7 4. e3 O-O 5. Be2 d6 6. d4 Nbd7 7. O-O c5 8. c3
e5 9. Na3 exd4 10. cxd4 Ne4 11. Nc4 b6 12. Nfd2 d5 13. Nxe4 dxe4 14. Qc2 cxd4
15. Qxe4 Ba6 16. exd4 Re8 17. Qf3 Nf6 18. Rad1 Rc8 19. Rfe1 Nd5 20. Bf1 Rxe1
21. Rxe1 Nb4 22. Ne5 Bxe5 23. Bxa6 Bxh2+ 24. Kxh2 Rc2 25. Ba3 Nxa6 26. Re7 Qf8
27. Qe4 Qh6+ 28. Kg1 Nc7 29. Qxc2 1-0

[Event "XV Weekend B"]
[Site "Ceriano Laghetto ITA"]
[Date "2006.04.01"]
[Round "2"]
[White "Campesato, Adriano"]
[Black "Nardone, Massimo"]
[Result "0-1"]
[WhiteElo "1625"]
[BlackElo "1910"]
[PlyCount "96"]
[EventDate "2006.03.31"]

1. d4 d5 2. Nf3 e6 3. g3 Nf6 4. Bg2 c5 5. c3 Nc6 6. O-O h6 7. Nbd2 Qb6 8. Nb3
c4 9. Nbd2 Qc7 10. Qc2 Bd6 11. e4 dxe4 12. Nxe4 Nxe4 13. Qxe4 O-O 14. d5 exd5
15. Qxd5 Be6 16. Qh5 Ne5 17. Nxe5 Bxe5 18. Qf3 Rab8 19. Be3 b6 20. Rad1 Qc8 21.
Qe4 Bc7 22. Bd4 Bf5 23. Qc6 Bd3 24. Rfe1 Qd8 25. Bf1 Bxf1 26. Kxf1 Qc8 27. Kg2
Bd8 28. Qb5 a6 29. Qe5 Bf6 30. Qf4 Qc6+ 31. Qf3 Qxf3+ 32. Kxf3 Rfd8 33. Bxf6
gxf6 34. Ke4 Rxd1 35. Rxd1 Re8+ 36. Kf3 Re6 37. h3 Kg7 38. Rd4 b5 39. Rg4+ Kf8
40. Re4 Rd6 41. Rd4 Rxd4 42. cxd4 Ke7 43. Ke4 Ke6 44. g4 Kd6 45. f4 f5+ 46.
Kxf5 Kd5 47. h4 b4 48. h5 c3 0-1

[Event "XV Weekend B"]
[Site "Ceriano Laghetto ITA"]
[Date "2006.04.01"]
[Round "2"]
[White "Cardani, Roberto"]
[Black "Villalba, Fernando"]
[Result "1/2-1/2"]
[WhiteElo "1854"]
[BlackElo "1899"]
[PlyCount "165"]
[EventDate "2006.03.31"]

1. e4 e5 2. Nf3 Nc6 3. Bb5 d6 4. d4 exd4 5. Qxd4 Bd7 6. Bxc6 Bxc6 7. Nc3 Nf6 8.
Bg5 Be7 9. O-O-O O-O 10. Rhe1 a5 11. Qc4 Nd7 12. Bxe7 Qxe7 13. Nd5 Bxd5 14.
exd5 Qd8 15. Re3 Nb6 16. Qd4 Re8 17. Rde1 Rxe3 18. Rxe3 Qd7 19. Nh4 Qa4 20.
Qxa4 Nxa4 21. c4 Nb6 22. b3 a4 23. Nf3 Kf8 24. Kb2 axb3 25. axb3 Nd7 26. Nd4
Nc5 27. Nb5 Na6 28. Kc3 Rd8 29. f4 c6 30. dxc6 bxc6 31. Nd4 Nb8 32. b4 g6 33.
g4 c5 34. bxc5 dxc5 35. Nb3 Na6 36. Re5 Rc8 37. Kd3 Rd8+ 38. Ke4 Rc8 39. h4 h6
40. f5 gxf5+ 41. gxf5 Kg7 42. Rd5 Re8+ 43. Re5 Rc8 44. Rd5 Rc6 45. Kf3 Kf6 46.
Kg4 Kg7 47. Kh5 Kh7 48. Kg4 Kg7 49. Re5 Kf6 50. Rd5 Kg7 51. Kf3 h5 52. Ke4 Kf6
53. Re5 Rc7 54. Rd5 Rc6 55. Re5 Kg7 56. f6+ Kxf6 57. Rxh5 Kg6 58. Rg5+ Kf6 59.
Rf5+ Kg7 60. Kf3 Kg6 61. Kg4 Kg7 62. h5 f6 63. Rd5 Kh6 64. Rd8 Re6 65. Kf5 Rc6
66. Rf8 Kg7 67. Rd8 Rb6 68. Rd3 Rc6 69. Rg3+ Kf7 70. h6 Rc8 71. Rg7+ Kf8 72.
Rg6 Nc7 73. Nxc5 Ne8 74. Ne6+ Kf7 75. Nf4 Nd6+ 76. Kg4 Rxc4 77. h7 Rc8 78. Rg8
Rxg8+ 79. hxg8=Q+ Kxg8 80. Nd5 f5+ 81. Kf4 Kf7 82. Ne3 Kf6 83. Nxf5 1/2-1/2

[Event "XV Weekend B"]
[Site "Ceriano Laghetto ITA"]
[Date "2006.04.01"]
[Round "2"]
[White "Cecchini, Massimo"]
[Black "Ferraris, Fulvio"]
[Result "1-0"]
[WhiteElo "1676"]
[BlackElo "1751"]
[PlyCount "151"]
[EventDate "2006.03.31"]

1. d4 d5 2. c4 e6 3. Nf3 c5 4. dxc5 Bxc5 5. cxd5 Nf6 6. Nc3 exd5 7. e3 O-O 8.
Be2 Nc6 9. O-O h6 10. b3 Re8 11. Bb2 Be6 12. Na4 Bd6 13. Bb5 Qc7 14. Rc1 Bg4
15. h3 Bxf3 16. Qxf3 Ne4 17. Qg4 Be5 18. Bxe5 Rxe5 19. Nc3 Nf6 20. Qf3 Qd7 21.
Rfd1 Rd8 22. Ne2 Rf5 23. Nf4 g5 24. Bd3 Ne5 25. Qg3 Nxd3 26. Nxd3 Ne4 27. Qh2
Rc8 28. g4 Rxc1 29. Rxc1 Nd2 30. Qb8+ Kg7 31. gxf5 Nf3+ 32. Kf1 Qxf5 33. Ke2
Qxh3 34. Qg3 Qxg3 35. fxg3 g4 36. Nf4 Ng5 37. Kf1 Kf6 38. Nxd5+ Ke5 39. Nc3 Ne6
40. Rd1 f5 41. Rd7 h5 42. Rh7 b5 43. b4 a5 44. Nxb5 axb4 45. Rxh5 Nc5 46. Nd4
Ke4 47. Ke2 Nd3 48. Rxf5 Nc1+ 49. Kd2 Nxa2 50. Rf4+ Kd5 51. Rxg4 Nc3 52. Nb3
Ne4+ 53. Kc2 Ke5 54. Nd4 Kd5 55. Kb3 Nf2 56. Rf4 Nd3 57. Rh4 Ne1 58. Nc2 Ng2
59. Nxb4+ Ke5 60. Nd3+ Kf5 61. Rf4+ Kg5 62. Re4 Kf5 63. Nf2 Kg5 64. Kc3 Kf5 65.
Kd4 Ne1 66. Re5+ Kg6 67. Ke4 Kf6 68. Ng4+ Kg6 69. Rd5 Nc2 70. Kf4 Nb4 71. e4
Kf7 72. Ne5+ Ke6 73. Rb5 Nc2 74. Rb6+ Ke7 75. Kg5 Nd4 76. Nc6+ 1-0

[Event "XV Weekend B"]
[Site "Ceriano Laghetto ITA"]
[Date "2006.04.01"]
[Round "2"]
[White "Cervini, Gian Piero"]
[Black "Viale, Fabio"]
[Result "0-1"]
[WhiteElo "1955"]
[BlackElo "1613"]
[PlyCount "48"]
[EventDate "2006.03.31"]

1. e4 c5 2. c3 Nc6 3. d4 cxd4 4. cxd4 d6 5. Nf3 e6 6. Nc3 d5 7. e5 Bb4 8. Bd2
a6 9. a3 Ba5 10. Bd3 Nge7 11. O-O O-O 12. Ng5 Nf5 13. Qh5 h6 14. g4 g6 15. Qh3
hxg5 16. gxf5 exf5 17. Qh6 Nxd4 18. Kh1 Nf3 19. Rg1 g4 20. Rxg4 fxg4 21. Bxg6
Qh4 22. Bxf7+ Kxf7 23. Qf4+ Ke8 24. Qa4+ Bd7 0-1

[Event "XV Weekend B"]
[Site "Ceriano Laghetto ITA"]
[Date "2006.04.01"]
[Round "2"]
[White "Cesarano, Marco"]
[Black "Scarpellini, Felice"]
[Result "1-0"]
[WhiteElo "1653"]
[BlackElo "1941"]
[PlyCount "167"]
[EventDate "2006.03.31"]

1. d4 Nf6 2. Nf3 d5 3. c4 e6 4. Nc3 Be7 5. e3 O-O 6. Bd3 b6 7. O-O Bb7 8. cxd5
exd5 9. Qc2 Nbd7 10. b3 c5 11. Bb2 Rc8 12. Rac1 a6 13. Ne5 Ne4 14. Rfd1 cxd4
15. exd4 Ndf6 16. Qe2 Nxc3 17. Bxc3 b5 18. Bf5 Ra8 19. Re1 Bd6 20. Qd3 Bc8 21.
Nc6 Bxf5 22. Qxf5 Qd7 23. Qxd7 Nxd7 24. Ne7+ Bxe7 25. Rxe7 Nf6 26. Bb4 Rfe8 27.
Rcc7 Rxe7 28. Bxe7 h6 29. f3 a5 30. Bxf6 gxf6 31. Rc5 b4 32. Rxd5 a4 33. Rb5
axb3 34. axb3 Ra1+ 35. Kf2 Ra2+ 36. Kg3 Kg7 37. Rxb4 f5 38. f4 Rd2 39. Kf3 h5
40. Rb5 Rxd4 41. Rxf5 Kg6 42. Rb5 Rd2 43. b4 h4 44. Rg5+ Kf6 45. Rh5 Rd4 46. b5
Rb4 47. Kg4 Kg6 48. Rc5 f6 49. g3 hxg3 50. hxg3 Rb3 51. Rd5 Rb4 52. Kh4 Rb1 53.
g4 Rh1+ 54. Kg3 Rg1+ 55. Kf3 Rf1+ 56. Ke3 Re1+ 57. Kf2 Re4 58. Kf3 Rb4 59. g5
Kf7 60. Rd7+ Ke6 61. Rb7 Kf5 62. Ke3 fxg5 63. fxg5 Kxg5 64. Kd3 Kf5 65. Kc3 Rb1
66. Kc4 Ke6 67. Kc5 Rc1+ 68. Kb6 Kd6 69. Rb8 Kd7 70. Ka7 Ra1+ 71. Kb7 Rb1 72.
b6 Kd6 73. Rd8+ Ke7 74. Rd2 Rb3 75. Kc7 Rc3+ 76. Kb8 Rb3 77. b7 Ke6 78. Rd8 Ke7
79. Rd4 Ke6 80. Kc7 Rc3+ 81. Kb6 Rb3+ 82. Kc6 Rc3+ 83. Kb5 Rb3+ 84. Rb4 1-0

[Event "XV Weekend B"]
[Site "Ceriano Laghetto ITA"]
[Date "2006.04.01"]
[Round "2"]
[White "Colombo, Sandro"]
[Black "Marrone, Vincenzo"]
[Result "0-1"]
[WhiteElo "1733"]
[BlackElo "1865"]
[PlyCount "68"]
[EventDate "2006.03.31"]

1. c4 c6 2. Nc3 Nf6 3. e4 e5 4. Nf3 d6 5. d4 Bg4 6. Be2 Nbd7 7. O-O Be7 8. Be3
O-O 9. d5 Ne8 10. Nd2 Bxe2 11. Qxe2 a5 12. b3 Bg5 13. Rad1 g6 14. f4 exf4 15.
Bxf4 Bxf4 16. Rxf4 Ne5 17. Rf2 Ng7 18. Nf3 Ng4 19. Rff1 Nh5 20. g3 Re8 21. Nd4
Ne5 22. dxc6 bxc6 23. Qf2 Qc7 24. Qd2 Rad8 25. Nf3 Qb6+ 26. Qd4 Qc7 27. Qd2 Ng7
28. Nxe5 dxe5 29. Qf2 Ne6 30. Rd2 Rxd2 31. Qxd2 Rd8 32. Qf2 Rd3 33. Qc2 Qd6 34.
Rd1 Qd4+ 0-1

[Event "XV Weekend B"]
[Site "Ceriano Laghetto ITA"]
[Date "2006.04.01"]
[Round "2"]
[White "Donadi, Luca"]
[Black "Pulcini, Giorgio"]
[Result "1-0"]
[WhiteElo "1787"]
[BlackElo "1626"]
[PlyCount "61"]
[EventDate "2006.03.31"]

1. e4 e5 2. Nf3 Nc6 3. Bc4 Bc5 4. c3 Nf6 5. d4 exd4 6. cxd4 Bb4+ 7. Nc3 Nxe4 8.
O-O Nxc3 9. bxc3 Bxc3 10. Ba3 Qf6 11. Rc1 Bxd4 12. Re1+ Kd8 13. Nxd4 Qxd4 14.
Be7+ Ke8 15. Bc5+ Qe5 16. Qd5 Qe6 17. Qg5 f6 18. Qxg7 d6 19. Qxh8+ Kf7 20.
Bxe6+ Bxe6 21. Qxa8 dxc5 22. Qxb7 Ne5 23. Qxc7+ Kg6 24. Rxe5 fxe5 25. Qxe5 Bxa2
26. Rxc5 a5 27. Rc6+ Kf7 28. Qh5+ Kg7 29. Qh6+ Kf7 30. Qxh7+ Ke8 31. Rc8# 1-0

[Event "XV Weekend B"]
[Site "Ceriano Laghetto ITA"]
[Date "2006.04.01"]
[Round "2"]
[White "Franceschetti, Nando"]
[Black "Battaglia, Giuseppe"]
[Result "1-0"]
[WhiteElo "1733"]
[BlackElo "1673"]
[PlyCount "69"]
[EventDate "2006.03.31"]

1. d4 Nf6 2. Nc3 g6 3. e4 d6 4. Bd3 Bg7 5. f3 O-O 6. Be3 Nc6 7. a3 a5 8. Qd2
Re8 9. Nge2 e5 10. d5 Ne7 11. Bh6 c6 12. Bxg7 Kxg7 13. dxc6 bxc6 14. O-O-O d5
15. exd5 cxd5 16. Bb5 Bd7 17. Bxd7 Qxd7 18. Ne4 Nxe4 19. fxe4 d4 20. h4 h5 21.
Ng3 Qg4 22. Qf2 Nc8 23. Rhf1 Nd6 24. Qf6+ Kg8 25. Nxh5 Qxh5 26. Qxd6 Qxh4 27.
Qd5 Qe7 28. Kb1 Red8 29. Qb3 Rab8 30. Qh3 Qb7 31. b3 Qxe4 32. Rh1 Kf8 33. Rhe1
Qd5 34. Qh8+ Ke7 35. Rxe5+ 1-0

[Event "XV Weekend B"]
[Site "Ceriano Laghetto ITA"]
[Date "2006.04.01"]
[Round "2"]
[White "Gagliani, Stefano"]
[Black "Parenti, Davide"]
[Result "1/2-1/2"]
[WhiteElo "1698"]
[BlackElo "1856"]
[PlyCount "88"]
[EventDate "2006.03.31"]

1. d4 Nf6 2. c4 e6 3. Nc3 d5 4. Bg5 Be7 5. e3 O-O 6. Bd3 h6 7. Bxf6 Bxf6 8.
Nge2 a6 9. Rc1 dxc4 10. Bxc4 b5 11. Bd3 Bb7 12. Be4 c6 13. O-O Qb6 14. Bb1 Nd7
15. Qc2 g6 16. Nf4 Bg7 17. h4 e5 18. dxe5 Nxe5 19. h5 c5 20. hxg6 fxg6 21. Nxg6
Nxg6 22. Qxg6 Qxg6 23. Bxg6 c4 24. Rfd1 Rfd8 25. Rxd8+ Rxd8 26. Rd1 Rxd1+ 27.
Nxd1 Kf8 28. a3 Ke7 29. f4 a5 30. Kf2 b4 31. axb4 axb4 32. g3 Bc8 33. e4 Bg4
34. Ne3 Bd4 35. e5 Ke6 36. Be4 c3 37. bxc3 bxc3 38. Bd5+ Ke7 39. Bb3 h5 40. Bc2
Ke6 41. Be4 Bd1 42. Ke1 Bxe3 43. Kxd1 Bf2 44. Bf3 Bxg3 1/2-1/2

[Event "XV Weekend B"]
[Site "Ceriano Laghetto ITA"]
[Date "2006.04.01"]
[Round "2"]
[White "Garofalo, Sergio"]
[Black "Johansson, Alexander"]
[Result "0-1"]
[WhiteElo "1911"]
[BlackElo "1850"]
[PlyCount "78"]
[EventDate "2006.03.31"]

1. d4 Nf6 2. Nf3 g6 3. g3 Bg7 4. c4 d6 5. Bg2 O-O 6. O-O Nbd7 7. Nc3 c6 8. e4
Qc7 9. h3 e5 10. d5 Nc5 11. Qc2 a5 12. Be3 cxd5 13. Nb5 Qb6 14. exd5 Bf5 15.
Qd1 Nfd7 16. Rc1 Bd3 17. Re1 f5 18. Qd2 f4 19. gxf4 exf4 20. Bxf4 Ne4 21. Rxe4
Bxe4 22. Be3 Nc5 23. Ng5 Bxg2 24. Kxg2 Bh6 25. h4 Rf5 26. f4 Re8 27. Ne6 Rxe6
28. dxe6 Qc6+ 29. Kh2 Rh5 30. Bxc5 Rxh4+ 31. Kg3 Rh3+ 32. Kxh3 Qf3+ 33. Kh4
Bxf4 34. Qxf4 Qxf4+ 35. Kh3 Qxc1 36. Nxd6 Qh1+ 37. Kg4 Qh5+ 38. Kf4 Qxc5 39.
Nxb7 Qc7+ 0-1

[Event "XV Weekend B"]
[Site "Ceriano Laghetto ITA"]
[Date "2006.04.01"]
[Round "2"]
[White "Greco, Umberto"]
[Black "Bettini, Massimo"]
[Result "0-1"]
[WhiteElo "1605"]
[BlackElo "1916"]
[PlyCount "46"]
[EventDate "2006.03.31"]

1. d4 Nf6 2. c4 g6 3. Nc3 Bg7 4. Nf3 d6 5. e4 O-O 6. Bd3 e5 7. d5 Na6 8. O-O
Nh5 9. Be3 Nf4 10. Qd2 g5 11. Ne2 Qe7 12. g3 Bg4 13. Bxf4 gxf4 14. Nh4 f3 15.
Nc1 Bf6 16. Nf5 Bxf5 17. exf5 Bg5 18. Qd1 e4 19. Re1 Nc5 20. b4 Qf6 21. bxc5
Qxa1 22. Bxe4 Rae8 23. Nb3 Qxd1 0-1

[Event "XV Weekend B"]
[Site "Ceriano Laghetto ITA"]
[Date "2006.04.01"]
[Round "2"]
[White "Mondini, Francesco"]
[Black "Ronconi, Fausto"]
[Result "0-1"]
[WhiteElo "1628"]
[BlackElo "1703"]
[PlyCount "110"]
[EventDate "2006.03.31"]

1. d4 d5 2. c4 e6 3. Nc3 Nf6 4. Bf4 c6 5. e3 Bb4 6. a3 Be7 7. Be2 O-O 8. h3
Nbd7 9. Nf3 dxc4 10. Bxc4 Nb6 11. Bd3 Nbd5 12. Bh2 Nxc3 13. bxc3 Qa5 14. Qc2 h6
15. O-O c5 16. e4 cxd4 17. cxd4 Bd7 18. Bc7 b6 19. Qd2 Qxd2 20. Nxd2 Rac8 21.
Bf4 Rc3 22. Ba6 Rxa3 23. Rxa3 Bxa3 24. Ra1 Bb2 25. Ra2 Bxd4 26. Bd6 Re8 27. e5
Nd5 28. Rc2 f6 29. Nf3 fxe5 30. Nxe5 Rd8 31. Nxd7 Rxd7 32. Rc8+ Kh7 33. Bg3 e5
34. h4 h5 35. Re8 Nf4 36. Bxf4 exf4 37. Bd3+ g6 38. Re6 Bxf2+ 39. Kxf2 Rxd3 40.
Re7+ Kh6 41. Rxa7 b5 42. Rb7 Rb3 43. Rb6 b4 44. Rf6 Rb2+ 45. Kf3 b3 46. Rxf4
Rb1 47. Rb4 b2 48. Kg3 Kg7 49. Rb6 Kf7 50. Rb3 Ke6 51. Rb8 Kd5 52. Rb7 Kc4 53.
Rb8 Kc3 54. Rb7 Rc1 55. Rc7+ Kd4 0-1